Estatísticas para Cultura Geral

Clique aqui para jogar o quiz

Estatísticas Gerais

  • Esse quiz foi jogado 31 vezes
  • A pontuação média é 6 de 15

Estatísticas das Respostas

HintResposta% Correto
Que nome damos a uma prova que em vez de ser escrita é falada?Oral
100%
Que órgão produz óvulos?Ovário
73%
Na série Simpsons que instrumento toca Lisa Simpson?Saxofone
69%
Que instrumento toca Jimi Hendrix?Guitarra
62%
Que nome damos ao dispositivo inflável de segurança do carro?Airbag
50%
Que raça de cão usada para corridas de trenó?Husky
38%
Que região fica no leste da Rússia?Sibéria
38%
Que ciência estuda as aves?Ornitologia
35%
Que som é feito por um cavalo?Relinchar
35%
Qual é a versão feminina do monge?Freira
23%
Quem canta a música "Piano Man"?Billy Joel
15%
Que nome damos a uma pessoa que tem idade entre 80 e 89 anos?Octogenário
15%
Que nome damos a um ângulo de 90 graus?Obtuso
12%
Em 2003 que país aderiu á União Europeia?Estónia
8%
Em que país fica a Ilha de Penão?Malásia
4%

Distribuição das Pontuações

Percentil de Números Respondidos

Porcentagem de Pessoas com Cada Pontuação

Sua Pontuação Histórica

Você não jogou esse quiz